[Event "World Rapid Women 2022"]
[Site "Almaty KAZ"]
[Date "2022.12.26"]
[Round "2.37"]
[White "Voit, Daria"]
[Black "Khamdamova, Afruza"]
[Result "1-0"]
[WhiteTitle "WGM"]
[BlackTitle "WFM"]
[WhiteElo "2347"]
[BlackElo "2139"]
[WhiteFideId "4182146"]
[BlackFideId "14210444"]
[EventDate "2022.12.26"]

1. d4 Nf6 2. c4 e6 3. Nf3 d5 4. g3 dxc4 5. Bg2 c5 6. O-O Nc6 7. Qa4 Bd7 8. dxc5
Bxc5 9. Qxc4 Be7 10. Rd1 O-O 11. Nc3 Rc8 12. Bf4 Qb6 13. Qb5 Qxb5 14. Nxb5 a6
15. Nd6 Bxd6 16. Bxd6 Rfd8 17. a3 Be8 18. Bc5 Nd5 19. e4 Nf6 20. Ne1 Nd7 21. Bd6
e5 22. Bh3 f6 23. Nc2 Kf7 24. Rd3 Ra8 25. Rad1 Nf8 26. Ne3 Nd4 27. Bc7 Nf3+ 28.
Kh1 Rxd3 29. Rxd3 Bb5 30. Rc3 Ng5 31. Bg2 Bc6 32. Nd5 Nge6 33. Ba5 Nd4 34. f3
Nfe6 35. Bb6 h5 36. Bf1 Kf8 37. Kg2 Nb5 38. Rc1 Nbd4 39. Kf2 Rc8 40. Bh3 Re8 41.
Ke3 Kf7 42. Nb4 Bb5 43. Kf2 Nb3 44. Rc3 Nbd4 45. b3 Re7 46. a4 Bd7 47. Bf1 Be8
48. Bc4 Rd7 49. Bd5 Kg6 50. Rc8 Bf7 51. Rb8 Ng5 52. Rxb7 Rxb7 53. Bxb7 Bxb3 54.
Bxd4 exd4 55. a5 Ne6 56. Bxa6 Nc7 57. Bb7 Bc4 58. a6 d3 59. Ke3 Nb5 60. Nc6 Nc3
61. a7 Nd1+ 62. Kd2 1-0

[Event "World Rapid Women 2022"]
[Site "Almaty KAZ"]
[Date "2022.12.26"]
[Round "2.38"]
[White "Balakanova, Bakhyt"]
[Black "Balajayeva, Khanim"]
[Result "0-1"]
[WhiteTitle "WFM"]
[BlackTitle "WGM"]
[WhiteElo "2005"]
[BlackElo "2379"]
[WhiteFideId "13705881"]
[BlackFideId "13406396"]
[EventDate "2022.12.26"]

1. e4 e5 2. Nf3 Nc6 3. Bc4 Nf6 4. d3 h6 5. O-O d6 6. h3 g5 7. Nh2 Bg7 8. c3 O-O
9. Be3 d5 10. exd5 Nxd5 11. Bc5 Re8 12. Qh5 Be6 13. g3 Nf6 14. Qf3 e4 15. Qg2
exd3 16. Bxe6 Rxe6 17. Be3 Nd5 18. Qf3 Nxe3 19. fxe3 Qe7 20. Re1 Re8 21. Nf1 Ne5
22. Qd1 Qd7 23. Nbd2 Rb6 24. Rb1 Qxh3 25. Qa4 Rd8 26. Red1 Rf6 27. Qxa7 Ng4 28.
Qxb7 c6 29. Qe7 Ra8 30. Qe4 Nf2 31. Qc4 Qh1# 0-1

[Event "World Rapid Women 2022"]
[Site "Almaty KAZ"]
[Date "2022.12.26"]
[Round "2.39"]
[White "Samaganova, Aleksandra"]
[Black "Eric, Jovana"]
[Result "1/2-1/2"]
[WhiteTitle "WFM"]
[BlackTitle "WGM"]
[WhiteElo "1884"]
[BlackElo "2236"]
[WhiteFideId "13800221"]
[BlackFideId "938238"]
[EventDate "2022.12.26"]

1. c4 e5 2. Nc3 Bb4 3. Qc2 Nf6 4. Nf3 Nc6 5. e3 O-O 6. Nd5 Re8 7. a3 Bf8 8. d3
d6 9. Be2 Nxd5 10. cxd5 Ne7 11. e4 c6 12. dxc6 Nxc6 13. O-O d5 14. b4 Bg4 15.
Bb2 Rc8 16. Qa4 a6 17. b5 axb5 18. Qxb5 dxe4 19. dxe4 Qe7 20. Rfd1 Qc5 21. Qa4
Bxf3 22. Bxf3 b5 23. Qb3 Nd4 24. Bxd4 exd4 25. Rab1 Qc3 26. Rd3 Qxb3 27. Rdxb3
Rc3 28. Rxb5 Bxa3 29. Rd5 Bc5 30. Rd1 Rb8 1/2-1/2

[Event "World Rapid Women 2022"]
[Site "Almaty KAZ"]
[Date "2022.12.26"]
[Round "2.40"]
[White "Gvetadze, Sofio"]
[Black "Druzhinina, Olga"]
[Result "1-0"]
[WhiteTitle "IM"]
[WhiteElo "2298"]
[BlackElo "2245"]
[WhiteFideId "13601440"]
[BlackFideId "4141911"]
[EventDate "2022.12.26"]

1. Nf3 Nf6 2. g3 g6 3. Bg2 Bg7 4. O-O d5 5. d3 O-O 6. Nbd2 c5 7. e4 Nc6 8. Re1
Rb8 9. c3 b5 10. e5 Ng4 11. d4 cxd4 12. cxd4 f6 13. h3 fxe5 14. hxg4 exd4 15.
Ng5 e5 16. Qb3 Ne7 17. Ndf3 Qd6 18. Bd2 Nc6 19. Nh2 Rd8 20. Rac1 h6 21. Ne4 Qe6
22. Nc5 Qf7 23. Nd3 Rb6 24. Rc5 e4 25. Nf4 Ne5 26. Rxd5 Rxd5 27. Qxd5 Nc4 28.
Rxe4 Nxd2 29. Re8+ Bf8 30. Qxf7+ Kxf7 31. Rxc8 g5 32. Rc7+ Ke8 33. Nd3 Kd8 34.
Rxa7 Nc4 35. Nf3 Re6 36. Nxd4 Rd6 37. Nc6+ Kc8 38. Be4 1-0

[Event "World Rapid Women 2022"]
[Site "Almaty KAZ"]
[Date "2022.12.26"]
[Round "2.41"]
[White "Kaldarova, Ayaulym"]
[Black "Schulze, Lara"]
[Result "0-1"]
[BlackTitle "FM"]
[WhiteElo "1832"]
[BlackElo "2284"]
[WhiteFideId "13720503"]
[BlackFideId "12956830"]
[EventDate "2022.12.26"]

1. Nf3 d5 2. g3 Bg4 3. c4 Bxf3 4. exf3 c6 5. Bg2 dxc4 6. O-O e6 7. a4 Nf6 8. Qc2
Qd3 9. Na3 Qxc2 10. Nxc2 Bc5 11. Re1 Nbd7 12. a5 O-O 13. Ra4 b5 14. axb6 axb6
15. Rxc4 b5 16. Rc3 Nd5 17. Rb3 Be7 18. d4 N7b6 19. f4 Rfd8 20. Ne3 Bf6 21. Nxd5
Nxd5 22. Be3 g6 23. Rc1 Ra6 24. Be4 h5 25. Kg2 Kf8 26. h3 Ke7 27. g4 hxg4 28.
hxg4 Rh8 29. Rh1 Rxh1 30. Kxh1 Ra1+ 31. Kg2 Kd7 32. f5 g5 33. Kf3 Ra4 34. Rd3
Rc4 35. fxe6+ fxe6 36. Rd1 Rb4 37. Rd2 Nb6 38. Bd3 Na4 39. Ke4 Nc5+ 40. Kf3 Nxd3
41. Rxd3 Rxb2 42. Ke4 Rb4 43. Kf3 Ra4 44. Kg3 Kd6 45. Rd1 Kd5 46. Kf3 Ra3 47.
Ke2 b4 48. Rb1 Be7 49. Kd2 Ke4 50. Rc1 Ra2+ 51. Kd1 Kd5 52. Rb1 Kc4 53. Rc1+ Kb5
54. Bd2 b3 55. Rb1 Kc4 56. Be3 Ba3 57. Bd2 b2 58. Bxg5 Kd3 59. d5 Ra1 0-1

[Event "World Rapid Women 2022"]
[Site "Almaty KAZ"]
[Date "2022.12.26"]
[Round "2.42"]
[White "Lhotska, Anna"]
[Black "Bauyrzhan, Arnash"]
[Result "1-0"]
[WhiteTitle "WFM"]
[WhiteElo "2159"]
[BlackElo "2041"]
[WhiteFideId "376183"]
[BlackFideId "13706322"]
[EventDate "2022.12.26"]

1. e4 c5 2. Nf3 e6 3. d4 cxd4 4. Nxd4 a6 5. Nc3 Qc7 6. g3 Nf6 7. Bg2 Bb4 8. Ne2
Be7 9. O-O O-O 10. Bf4 d6 11. Qd2 h6 12. Rad1 e5 13. Be3 Be6 14. Kh1 Nc6 15. f4
Na5 16. Nd5 Bxd5 17. exd5 Nc4 18. Qc3 Rac8 19. Bg1 Qd7 20. Qb4 a5 21. Qb3 b5 22.
c3 Bd8 23. fxe5 dxe5 24. Qc2 b4 25. b3 Nb6 26. c4 a4 27. Qd2 axb3 28. axb3 Rb8
29. Qxb4 Be7 30. Qc3 Qg4 31. Qxe5 Rfe8 32. Bf3 Qg6 33. Nf4 Qc2 34. d6 Bd8 35.
Qd4 Qxb3 36. c5 Na4 37. Rb1 Nb2 38. c6 Bb6 39. Qxb2 Qxb2 40. Rxb2 Bxg1 41. Rxb8
Rxb8 42. Kxg1 Ra8 1-0

[Event "World Rapid Women 2022"]
[Site "Almaty KAZ"]
[Date "2022.12.26"]
[Round "2.43"]
[White "Martins de Aguiar, Marina"]
[Black "Enkhtuul, Altan-Ulzii"]
[Result "0-1"]
[BlackTitle "WGM"]
[WhiteElo "1877"]
[BlackElo "2285"]
[WhiteFideId "2143321"]
[BlackFideId "4901444"]
[EventDate "2022.12.26"]

1. e4 Nf6 2. e5 Nd5 3. c4 Nb6 4. d4 d6 5. exd6 exd6 6. Be3 Be7 7. Be2 O-O 8. h3
Bf6 9. Nc3 Nc6 10. Nf3 Bf5 11. Rc1 d5 12. c5 Nc8 13. O-O Be4 14. Qd2 N8e7 15.
Bg5 Nf5 16. Bxf6 Qxf6 17. Nxe4 dxe4 18. Ng5 e3 19. fxe3 Qxg5 20. Rf3 Ncxd4 21.
Rf4 Ne6 22. Re4 Rad8 23. Qc3 Ng3 0-1

[Event "World Rapid Women 2022"]
[Site "Almaty KAZ"]
[Date "2022.12.26"]
[Round "2.44"]
[White "Lu, Miaoyi"]
[Black "Bayasgalan, Khishigbaatar"]
[Result "1-0"]
[BlackTitle "WCM"]
[WhiteElo "2399"]
[BlackElo "1811"]
[WhiteFideId "8618020"]
[BlackFideId "4904311"]
[EventDate "2022.12.26"]

1. e4 c5 2. Nc3 e6 3. Nf3 a6 4. g3 d6 5. Bg2 e5 6. d3 Nc6 7. Be3 Bg4 8. h3 Bxf3
9. Bxf3 g6 10. Qd2 Bg7 11. Bg2 Nd4 12. O-O h6 13. Nd5 Ne7 14. Nxe7 Qxe7 15. c3
Nc6 16. f4 exf4 17. gxf4 Bf6 18. d4 cxd4 19. cxd4 O-O 20. d5 Nb8 21. Rac1 Qd8
22. Qb4 Qd7 23. Bb6 a5 24. Qd2 Qb5 25. Bd4 Bxd4+ 26. Qxd4 Na6 27. e5 dxe5 28.
fxe5 Rad8 29. Rf6 Nb4 30. Rd1 1-0

[Event "World Rapid Women 2022"]
[Site "Almaty KAZ"]
[Date "2022.12.26"]
[Round "2.45"]
[White "Gaboyan, Susanna"]
[Black "Balakanova, Gulnar"]
[Result "1/2-1/2"]
[WhiteTitle "WIM"]
[BlackTitle "WFM"]
[WhiteElo "2200"]
[BlackElo "1743"]
[WhiteFideId "13303627"]
[BlackFideId "13705890"]
[EventDate "2022.12.26"]

1. e4 c5 2. c3 e6 3. d4 cxd4 4. cxd4 d5 5. e5 Nc6 6. Nf3 Bb4+ 7. Nc3 Nge7 8. Bd3
h6 9. O-O O-O 10. Bc2 Ba5 11. a3 Bb6 12. Qd3 Ng6 13. h4 f5 14. exf6 Rxf6 15. Ne2
Bd7 16. Ng3 Nf8 17. Be3 Bc7 18. Nh2 Qe7 19. f4 Rg6 20. Rf3 Qxh4 21. Bf2 Bxf4 22.
Ngf1 Qg5 23. g3 e5 24. dxe5 Nxe5 25. Qxd5+ Be6 26. Qxb7 Nxf3+ 27. Nxf3 Qd5 28.
Qxd5 Bxd5 29. Bxg6 Nxg6 30. Nd4 Bg5 31. Nb5 Bb7 32. Nxa7 Ne5 33. Nb5 Nf3+ 34.
Kg2 Nd4+ 35. Kh2 Nxb5 36. Rd1 Rd8 37. Rxd8+ Bxd8 38. a4 Nd6 39. b4 Ne4 40. Be1
Ng5 41. Bc3 Nf3+ 42. Kh3 Bf6 43. Bxf6 gxf6 44. b5 Kg7 45. Ne3 Nd4 46. Nc4 Bd5
47. Nd6 Kf8 48. b6 Ke7 49. b7 Nc6 50. Nf5+ Kd7 51. Nxh6 Nb8 52. Kg4 Bxb7 53. Kf5
Ke7 54. Ng8+ Kf7 55. Nxf6 Bc8+ 56. Kg5 Nd7 57. Ne4 Ba6 58. Kh6 Nf6 59. Nxf6 Kxf6
60. g4 Kf7 61. Kh7 Kf6 62. Kh6 Kf7 63. Kh7 Kf6 64. Kh6 Ke5 1/2-1/2

[Event "World Rapid Women 2022"]
[Site "Almaty KAZ"]
[Date "2022.12.26"]
[Round "2.46"]
[White "Frayna, Janelle Mae"]
[Black "Kaliakhmet, Elnaz"]
[Result "1-0"]
[WhiteTitle "WGM"]
[BlackTitle "WFM"]
[WhiteElo "2265"]
[BlackElo "1786"]
[WhiteFideId "5212499"]
[BlackFideId "13730169"]
[EventDate "2022.12.26"]

1. Nf3 Nf6 2. c4 c5 3. g3 g6 4. Bg2 Bg7 5. O-O O-O 6. Nc3 Nc6 7. d4 cxd4 8. Nxd4
Ng4 9. e3 d6 10. h3 Nf6 11. b3 Bd7 12. Bb2 a6 13. Qd2 Rb8 14. Nxc6 bxc6 15. Rfd1
Qc8 16. Kh2 h5 17. c5 d5 18. Na4 Bf5 19. Rac1 Qc7 20. Qe2 h4 21. Qe1 hxg3+ 22.
fxg3 e5 23. g4 Bxg4 24. hxg4 Nxg4+ 25. Kh3 Qd7 26. e4 Bh6 27. Qh4 Bxc1 28. Rxc1
Ne3+ 29. Kh2 d4 30. Nb6 Qd8 31. Qg3 Qe7 32. Re1 Rb7 33. Rxe3 dxe3 34. Qxe3 Kg7
35. Nc4 Rh8+ 36. Bh3 f6 37. Kg2 Rbb8 38. Nd6 Rbd8 39. Qd3 Rh5 40. Bg4 Rh4 41.
Qg3 Rh6 42. Bf3 Rxd6 43. cxd6 Qxd6 44. Bc1 Rh8 45. Be3 Qd3 46. Qf2 Qb1 47. Kg3
Qd3 48. Qe2 Qd7 49. Bg2 Qc8 50. Qg4 Qxg4+ 51. Kxg4 Rd8 52. Bf1 a5 53. a4 Rd1 54.
Bc4 Re1 55. Kf3 f5 56. exf5 gxf5 57. Bd2 Rh1 58. Bxa5 e4+ 59. Kf4 Kg6 60. Bb6
Rh4+ 61. Ke3 Rh3+ 62. Ke2 f4 63. a5 Rh2+ 64. Ke1 e3 65. a6 Ra2 66. b4 Ra3 67.
Ke2 Kf5 68. Bd3+ Ke6 69. a7 Ra2+ 70. Kf3 Ke5 71. Be2 Kf5 72. Ba5 1-0

[Event "World Rapid Women 2022"]
[Site "Almaty KAZ"]
[Date "2022.12.26"]
[Round "2.47"]
[White "Chen, Jocelyn"]
[Black "Borisova, Ekaterina"]
[Result "0-1"]
[WhiteTitle "WCM"]
[BlackTitle "FM"]
[WhiteElo "1854"]
[BlackElo "2223"]
[WhiteFideId "30947154"]
[BlackFideId "34124184"]
[EventDate "2022.12.26"]

1. e4 e5 2. Nf3 Nc6 3. Bb5 a6 4. Ba4 f5 5. d3 fxe4 6. dxe4 Nf6 7. Nbd2 Be7 8. c3
d6 9. h3 O-O 10. Bb3+ Kh8 11. O-O Qe8 12. Re1 Nh5 13. Nf1 Qg6 14. Kh2 Bd7 15.
Bd5 Rab8 16. Be3 Nd8 17. N1d2 Ne6 18. Bxe6 Bxe6 19. Rg1 Nf4 20. Bxf4 Rxf4 21. g3
Rf7 22. Kg2 Rbf8 23. Qe2 Qh5 24. Rh1 Bg5 25. g4 Bxg4 26. hxg4 Qxg4+ 27. Kf1 Bxd2
28. Nxd2 Qg3 29. f3 Rxf3+ 30. Nxf3 Rxf3+ 31. Qxf3 Qxf3+ 32. Kg1 Qxe4 33. Rf1
Qg4+ 34. Kf2 h6 35. Ke3 Qg5+ 36. Kd3 Qg3+ 37. Kc2 e4 38. Rhg1 Qe5 39. Rf8+ Kh7
40. Rf2 d5 41. b3 c5 42. Rgf1 d4 43. Rf5 d3+ 44. Kd2 e3+ 45. Ke1 Qxc3+ 0-1

[Event "World Rapid Women 2022"]
[Site "Almaty KAZ"]
[Date "2022.12.26"]
[Round "2.49"]
[White "Madi, Aidana"]
[Black "Mikheeva, Galina"]
[Result "1/2-1/2"]
[BlackTitle "WFM"]
[WhiteElo "1583"]
[BlackElo "1969"]
[WhiteFideId "13722689"]
[BlackFideId "44108320"]
[EventDate "2022.12.26"]

1. e4 e5 2. Nf3 Nc6 3. Bc4 Bc5 4. d3 Nf6 5. c3 O-O 6. O-O d5 7. exd5 Nxd5 8.
Nbd2 Bg4 9. Re1 Nb6 10. h3 Bh5 11. Bb3 Qxd3 12. Nxe5 Qg3 13. Qxh5 Qxf2+ 14. Kh2
Qxe1 15. Ndf3 Qf2 16. Nxf7 Rxf7 17. Qxf7+ Kh8 18. Bh6 Bd6+ 19. Kh1 Qg3 20. Bd2
Rf8 21. Be1 Qf4 22. Qxf4 Bxf4 23. Bf2 Ne5 24. Bxb6 axb6 25. Nxe5 Bxe5 26. Kg1
Bd6 27. Bd5 Bc5+ 28. Kh1 c6 29. Bf3 b5 30. Rd1 Rf7 31. Rd8+ Rf8 32. Rxf8+ Bxf8
33. Kg1 Bc5+ 34. Kf1 Kg8 1/2-1/2

[Event "World Rapid Women 2022"]
[Site "Almaty KAZ"]
[Date "2022.12.26"]
[Round "3.1"]
[White "Girya, Olga"]
[Black "Tan, Zhongyi"]
[Result "1/2-1/2"]
[WhiteTitle "GM"]
[BlackTitle "GM"]
[WhiteElo "2398"]
[BlackElo "2518"]
[WhiteFideId "4195752"]
[BlackFideId "8603642"]
[EventDate "2022.12.26"]

1. d4 d5 2. c4 e6 3. Nf3 Nf6 4. Nc3 Be7 5. Bf4 O-O 6. e3 c5 7. dxc5 Bxc5 8. cxd5
Nxd5 9. Nxd5 exd5 10. Bd3 Bb4+ 11. Nd2 d4 12. Qc2 h6 13. O-O Nc6 14. a3 Be7 15.
Nc4 Be6 16. Rad1 Rc8 17. Qb1 Qd5 18. b4 b5 19. Nd6 Bxd6 20. Bh7+ Kh8 21. Be4 Qb3
22. Bxd6 Rfd8 23. Bc5 Qxb1 24. Rxb1 dxe3 25. fxe3 a6 26. Rfd1 Bc4 27. Rxd8+ Nxd8
28. Rd1 Ne6 29. Bb7 Rc7 30. Bxa6 Nxc5 31. bxc5 Rxc5 32. Rc1 Rc6 33. Bb7 Rb6 34.
Bf3 Ra6 35. Rc3 g5 36. Kf2 Rd6 37. a4 Rd2+ 38. Ke1 Ra2 39. axb5 Bxb5 40. Rc7 f5
41. Rc5 1/2-1/2

[Event "World Rapid Women 2022"]
[Site "Almaty KAZ"]
[Date "2022.12.26"]
[Round "3.2"]
[White "Gong, Qianyun"]
[Black "Dzagnidze, Nana"]
[Result "1/2-1/2"]
[WhiteTitle "WGM"]
[BlackTitle "GM"]
[WhiteElo "2299"]
[BlackElo "2517"]
[WhiteFideId "8602425"]
[BlackFideId "13601903"]
[EventDate "2022.12.26"]

1. e4 c5 2. Nf3 d6 3. d4 cxd4 4. Qxd4 a6 5. c4 Nc6 6. Qe3 g6 7. Nc3 Bg7 8. Be2
Nf6 9. h3 O-O 10. O-O Be6 11. Rb1 Nd7 12. Rd1 Rc8 13. b3 Qb6 14. Qxb6 Nxb6 15.
Nd5 Nd7 16. Be3 h6 17. b4 Rfe8 18. c5 Nde5 19. a4 Nxf3+ 20. Bxf3 g5 21. g4 Ne5
22. Be2 Nd7 23. Rbc1 dxc5 24. bxc5 Be5 25. Rc2 Kg7 26. Rb1 Rb8 27. f4 gxf4 28.
Nxf4 Bxf4 29. Bxf4 Rbc8 30. Be3 Rc7 31. Bd4+ f6 32. a5 Nb8 33. Be3 Nc6 34. Ra1
Rd8 35. Rb2 Rdd7 36. Kf2 Ne5 37. Ra3 Nc4 38. Bxc4 Bxc4 39. Rc3 Bb5 40. Rd2 Kg6
41. h4 Rxd2+ 42. Bxd2 h5 43. g5 Rd7 44. Be3 Rd1 45. Kg3 Bc6 46. Rc4 Rd3 47. Kf2
Ra3 48. gxf6 exf6 49. Rd4 Rxa5 50. Rd6 Ra2+ 51. Kf3 Ra3 52. Kf4 Kf7 53. Bd4 Ra4
54. Rxf6+ Ke8 55. Rd6 a5 56. e5 Ra2 57. e6 Ke7 58. Kf5 a4 59. Bf6+ Kf8 60. Rd8+
Be8 61. Ra8 a3 62. c6 bxc6 63. Bd4 Rc2 64. Rxa3 Ke7 65. Bf6+ Kd6 66. Rd3+ Kc5
67. Rd8 Rf2+ 68. Ke5 Bg6 69. e7 Re2+ 70. Kf4 Kb5 71. Kg5 Bf7 72. Rf8 Rg2+ 73.
Kf5 Bg6+ 74. Ke6 Re2+ 75. Kd7 Rd2+ 76. Kc7 Re2 77. Kd7 Rd2+ 78. Kc7 Re2 79. Rg8
Bf7 80. Rf8 Bg6 1/2-1/2

[Event "World Rapid Women 2022"]
[Site "Almaty KAZ"]
[Date "2022.12.26"]
[Round "3.3"]
[White "Kamalidenova, Meruert"]
[Black "Koneru, Humpy"]
[Result "1/2-1/2"]
[WhiteTitle "WIM"]
[BlackTitle "GM"]
[WhiteElo "2377"]
[BlackElo "2572"]
[WhiteFideId "13712802"]
[BlackFideId "5008123"]
[EventDate "2022.12.26"]

1. e4 e5 2. Nf3 Nf6 3. Nxe5 d6 4. Nf3 Nxe4 5. Bd3 d5 6. O-O Be7 7. Re1 Nd6 8.
Bf1 O-O 9. d4 Bg4 10. h3 Bh5 11. b3 Ne4 12. Bd3 f5 13. c4 Nc6 14. Bb2 Bf6 15.
Be2 dxc4 16. Bxc4+ Kh8 17. Na3 Bxf3 18. Qxf3 Nxd4 19. Qe3 c5 20. Rad1 Qa5 21.
Bd5 Rae8 22. Qd3 Nd6 23. Rxe8 Rxe8 24. Bxd4 Bxd4 25. Nc2 Bf6 26. a3 Qc3 27. Qxc3
Bxc3 28. Bf3 Re6 29. Rd5 b6 30. Ne3 g6 31. g4 f4 32. Nc4 Nxc4 33. Rd8+ Kg7 34.
Rd7+ Kf8 35. bxc4 Re7 36. Rxe7 Kxe7 37. Kf1 Kf6 1/2-1/2

[Event "World Rapid Women 2022"]
[Site "Almaty KAZ"]
[Date "2022.12.26"]
[Round "3.4"]
[White "Gunina, Valentina"]
[Black "Fataliyeva, Ulviyya"]
[Result "1-0"]
[WhiteTitle "GM"]
[BlackTitle "IM"]
[WhiteElo "2476"]
[BlackElo "2428"]
[WhiteFideId "4167570"]
[BlackFideId "13403052"]
[EventDate "2022.12.26"]

1. d4 e6 2. c4 Nf6 3. Nf3 d5 4. Nc3 Be7 5. Bf4 O-O 6. e3 Nbd7 7. c5 c6 8. b4 b6
9. Bd3 a5 10. a3 Ba6 11. Bxa6 Rxa6 12. b5 cxb5 13. c6 Qc8 14. Nxb5 Qxc6 15. Nc7
Ra7 16. Rc1 Qb7 17. Qd3 Rc8 18. O-O Ne4 19. Qb5 Ndf6 20. Rc6 Ne8 21. Rfc1 N4d6
22. Bxd6 Nxd6 23. Nxd5 Nxb5 24. Nxe7+ Kf8 25. Nxc8 Ra8 26. Ne5 f6 27. Nd7+ Kf7
28. Ndxb6 Rxc8 29. Nxc8 Kg6 30. a4 Na3 31. h4 h5 32. Rb6 Qe4 33. Ne7+ Kh7 34.
Rc8 Nc2 35. Rbb8 g5 36. Rh8+ Kg7 37. hxg5 fxg5 38. Rbf8 Ne1 39. Rhg8+ Kh7 40.
Rf7+ Kh6 41. Rh8+ 1-0

[Event "World Rapid Women 2022"]
[Site "Almaty KAZ"]
[Date "2022.12.26"]
[Round "3.5"]
[White "Bivol, Alina"]
[Black "Batsiashvili, Nino"]
[Result "0-1"]
[WhiteTitle "IM"]
[BlackTitle "GM"]
[WhiteElo "2364"]
[BlackElo "2493"]
[WhiteFideId "4100123"]
[BlackFideId "13602993"]
[EventDate "2022.12.26"]

1. e4 e5 2. Nf3 Nc6 3. Bc4 Nf6 4. Ng5 d5 5. exd5 Na5 6. Bb5+ c6 7. dxc6 bxc6 8.
Be2 h6 9. Nh3 Bc5 10. d3 O-O 11. O-O Nb7 12. Kh1 Nd6 13. Ng1 Nf5 14. Nc3 Nd5 15.
Ne4 Bb6 16. Bg4 Qh4 17. Bxf5 Bxf5 18. Qf3 Bg4 19. Qg3 Qxg3 20. Nxg3 Nb4 21. Bd2
Nxc2 22. Rac1 Nd4 23. f4 exf4 24. Rxf4 Be6 25. a4 Nb3 26. a5 Bxg1 0-1

[Event "World Rapid Women 2022"]
[Site "Almaty KAZ"]
[Date "2022.12.26"]
[Round "3.6"]
[White "Mammadova, Gulnar"]
[Black "Garifullina, Leya"]
[Result "1/2-1/2"]
[WhiteTitle "IM"]
[BlackTitle "IM"]
[WhiteElo "2376"]
[BlackElo "2357"]
[WhiteFideId "13403508"]
[BlackFideId "34127035"]
[EventDate "2022.12.26"]

1. e4 c5 2. Nf3 d6 3. Bb5+ Nd7 4. a4 Nf6 5. Nc3 g6 6. a5 Bg7 7. O-O a6 8. Bc4
O-O 9. d3 b5 10. axb6 Nxb6 11. Ba2 a5 12. Bg5 h6 13. Be3 Bb7 14. h3 a4 15. Qd2
Kh7 16. Nh2 Qc8 17. f4 d5 18. exd5 Nfxd5 19. Nxd5 Bxd5 20. c4 Be6 21. Rad1 Nd7
22. Qf2 Rb8 23. Rd2 Rb4 24. Nf3 Qb7 25. Ne5 Nxe5 26. fxe5 Bxe5 27. Bxc5 Rxb2 28.
d4 Rxd2 29. Qxd2 Bb8 30. d5 Qc7 31. Qe3 Bf5 32. Bd4 Qh2+ 33. Kf2 Bf4 34. Qf3 Be5
35. Bxe5 Qxe5 36. Re1 Qc7 37. Qe3 e6 38. Kg1 exd5 39. cxd5 Rc8 40. Qd4 Qc5 41.
Qxc5 Rxc5 42. d6 Rc2 43. Bxf7 Kg7 44. Be6 Rd2 45. Bxf5 gxf5 46. Ra1 Rd4 47. d7
Kf6 48. Rxa4 Rxd7 49. Kf2 Kg5 50. Kf3 Rd3+ 1/2-1/2

[Event "World Rapid Women 2022"]
[Site "Almaty KAZ"]
[Date "2022.12.26"]
[Round "3.7"]
[White "Danielian, Elina"]
[Black "Sultanbek, Zeinep"]
[Result "1-0"]
[WhiteTitle "GM"]
[BlackTitle "WIM"]
[WhiteElo "2431"]
[BlackElo "1891"]
[WhiteFideId "13300210"]
[BlackFideId "13710419"]
[EventDate "2022.12.26"]

1. d4 Nf6 2. Bg5 d5 3. Bxf6 exf6 4. e3 Bd6 5. c4 dxc4 6. Bxc4 O-O 7. Nc3 c5 8.
dxc5 Bxc5 9. Qc2 Nc6 10. Rd1 Qc7 11. a3 Bg4 12. Nge2 Rad8 13. Bd3 Kh8 14. h3
Bxe2 15. Qxe2 Ne5 16. O-O a6 17. Be4 Ba7 18. Rc1 Bb8 19. g3 Qd7 20. Kg2 b5 21.
Rfd1 Qe6 22. Bd5 Qe7 23. Qc2 g6 24. Qe4 Rfe8 25. f4 Nd7 26. Qxe7 Rxe7 27. Bc6
Ba7 28. Rd3 Rxe3 29. Rxe3 Bxe3 30. Rd1 Rc8 31. Bxd7 Rc7 32. Kf3 Bc5 33. Ne4 Be7
34. f5 Kg7 35. g4 g5 36. Nc3 Bc5 37. Be8 Rc8 38. Bd7 Rc7 39. a4 b4 40. Ne4 Be7
41. a5 Rc2 42. Rd2 Rc1 43. Ba4 Ra1 44. b3 Rh1 45. Rd7 Kf8 46. Kg2 Re1 47. Bc6
Ra1 48. Ba4 Re1 49. Ng3 Re5 50. Nh5 Rxa5 51. Ra7 Bc5 52. Ra8+ Ke7 53. Re8+ Kd6
54. Nxf6 Bd4 55. Ne4+ Kc7 56. Re7+ Kb8 57. Rxf7 h6 58. Kf3 Rd5 59. Rd7 1-0

[Event "World Rapid Women 2022"]
[Site "Almaty KAZ"]
[Date "2022.12.26"]
[Round "3.8"]
[White "Gaponenko, Inna"]
[Black "Kosteniuk, Alexandra"]
[Result "0-1"]
[WhiteTitle "IM"]
[BlackTitle "GM"]
[WhiteElo "2341"]
[BlackElo "2520"]
[WhiteFideId "14101181"]
[BlackFideId "4128125"]
[EventDate "2022.12.26"]

1. e4 e5 2. Nf3 Nc6 3. Bb5 a6 4. Bxc6 dxc6 5. O-O Qf6 6. d4 exd4 7. Bg5 Qd6 8.
Nxd4 Be7 9. Bxe7 Nxe7 10. Nc3 Bd7 11. Nde2 O-O-O 12. Qxd6 cxd6 13. Rad1 Kc7 14.
Rd2 b5 15. Nf4 Nc8 16. f3 h5 17. Nd1 g5 18. Ne2 f5 19. exf5 Bxf5 20. Nd4 Bd7 21.
Ne3 Rde8 22. Kf2 Rhf8 23. c4 bxc4 24. Nxc4 g4 25. Rc1 c5 26. Ne3 Kd8 27. Ne2
gxf3 28. gxf3 Re7 29. Nc4 Bc6 30. Rd3 Kc7 31. Nc3 Ref7 32. Nd2 Rf5 33. b4 Nb6
34. bxc5 Rxc5 35. Rg1 Nd7 36. Nde4 Rcf5 37. Rg7 d5 38. Nc5 R8f7 39. Rxf7 Rxf7
40. Nxd7 Rxd7 41. Ne2 Bb5 42. Rd4 Bc4 43. Nf4 Bxa2 44. Nxh5 Bc4 45. Ng3 a5 46.
Nf1 Kc6 47. Nd2 Kc5 48. Rg4 a4 49. Rg8 Ra7 50. Rc8+ Kd4 51. Nxc4 dxc4 52. Rd8+
Kc3 53. h4 a3 54. Rd1 a2 0-1

[Event "World Rapid Women 2022"]
[Site "Almaty KAZ"]
[Date "2022.12.26"]
[Round "3.9"]
[White "Goryachkina, Aleksandra"]
[Black "Padmini, Rout"]
[Result "1/2-1/2"]
[WhiteTitle "GM"]
[BlackTitle "IM"]
[WhiteElo "2584"]
[BlackElo "2389"]
[WhiteFideId "4147103"]
[BlackFideId "5029295"]
[EventDate "2022.12.26"]

1. Nf3 Nf6 2. c4 c6 3. g3 g6 4. Bg2 Bg7 5. O-O O-O 6. d4 d5 7. cxd5 cxd5 8. Nc3
Nc6 9. Ne5 e6 10. Bg5 Qb6 11. Na4 Qa6 12. Nc5 Qa5 13. Bxf6 Bxf6 14. Ncd7 Bxe5
15. Nxe5 Nxe5 16. dxe5 Bd7 17. e4 Bc6 18. exd5 Rad8 19. Qb3 Bxd5 20. Bxd5 Qxd5
21. Rfd1 Qxe5 22. Qxb7 Rxd1+ 23. Rxd1 Rb8 24. Qxa7 Rxb2 25. a4 Ra2 26. Rd8+ Kg7
27. Qd4 Qxd4 28. Rxd4 g5 29. h4 h6 30. hxg5 hxg5 1/2-1/2